<The> Mixed Blessing of Labour Shortage German Overemployment in the 1960's

Gespeichert in:
Bibliographische Detailangaben
1. Verfasser: Paqué, Karl-Heinz
Format: Buch
Sprache:Englisch
Veröffentlicht: Kiel Institut für Weltwirtschaft 1988
Ausgabe:1. ed.
Schriftenreihe:Working Paper No.332
Tags: Tag hinzufügen
Keine Tags, Fügen Sie das erste Tag hinzu!

MARC

LEADER 00000nam a2200000 4500
001 c027743
005 20221219120246.6
041 0 |a eng 
044 |a DE 
245 1 0 |a <The> Mixed Blessing of Labour Shortage German Overemployment in the 1960's  |c Karl-Heinz Paqué 
250 |a 1. ed. 
264 1 |a Kiel  |b Institut für Weltwirtschaft  |c 1988 
300 |a 28 s. 
490 1 |a Working Paper  |v No.332 
830 0 |a Working Paper  |v No.332 
100 1 |a Paqué, Karl-Heinz